[Event "Quebec op U2400"]
[Site "Montreal CAN"]
[Date "2008.07.23"]
[Round "5"]
[White "Hebert, Jean"]
[Black "Plotkin, Victor"]
[Result "1-0"]
[WhiteElo "2392"]
[BlackElo "2202"]
[PlyCount "119"]
[GameId "2160767910353707"]
[EventDate "2008.07.19"]
[EventType "swiss"]
[EventRounds "9"]
[EventCountry "CAN"]
[SourceTitle "EXT 2011"]
[Source "ChessBase"]
[SourceDate "2011.11.26"]
[SourceVersion "1"]
[SourceVersionDate "2011.11.26"]
[SourceQuality "1"]

1. Nf3 Nf6 2. c4 e6 3. d4 d5 4. e3 c5 5. Nc3 Nc6 6. a3 dxc4 7. Bxc4 cxd4 8. exd4 Be7 9. O-O O-O 10. Re1 a6 11. Bg5 b5 12. Ba2 b4 13. axb4 Nxb4 14. Bb1 Bb7 15. Ne5 Qd6 16. Re3 g6 17. Rh3 Rfd8 18. Bxf6 Bxf6 19. Nxf7 Kxf7 20. Rxh7+ Bg7 21. Qg4 Qxd4 22. Bxg6+ Kf8 23. Qxe6 Bd5 24. Qf5+ Qf6 25. Qxf6+ Bxf6 26. Nxd5 Nxd5 27. Rf7+ Kg8 28. Rb7 Nf4 29. Bf7+ Kh8 30. g3 Nd3 31. Ra5 Ne5 32. Bd5 Rd6 33. f4 Nc6 34. Bxc6 Rxc6 35. Kg2 Rc2+ 36. Kh3 Rxb2 37. Rd7 Rb5 38. Rxb5 axb5 39. Rb7 Ra5 40. g4 Bc3 41. g5 b4 42. Kg4 Kg8 43. f5 Kf8 44. h4 Ra3 45. f6 b3 46. Kf5 Ke8 47. Kg6 Ra8 48. Rxb3 Ba1 49. Rb7 Kf8 50. Rg7 Ra5 51. h5 Be5 52. Rf7+ Kg8 53. Re7 Kf8 54. Rd7 Ra8 55. h6 Kg8 56. Re7 Bd4 57. Re8+ Rxe8 58. f7+ Kf8 59. fxe8=Q+ Kxe8 60. Kh7 1-0

[Event "Quebec op U2400"]
[Site "Montreal CAN"]
[Date "2008.07.24"]
[Round "6"]
[White "Caire, Francois"]
[Black "Hebert, Jean"]
[Result "0-1"]
[WhiteElo "2183"]
[BlackElo "2392"]
[PlyCount "78"]
[GameId "2160767910353720"]
[EventDate "2008.07.19"]
[EventType "swiss"]
[EventRounds "9"]
[EventCountry "CAN"]
[SourceTitle "EXT 2011"]
[Source "ChessBase"]
[SourceDate "2011.11.26"]
[SourceVersion "1"]
[SourceVersionDate "2011.11.26"]
[SourceQuality "1"]

1. d4 Nf6 2. c4 e6 3. Nf3 b6 4. e3 Bb7 5. Bd3 d5 6. O-O dxc4 7. Bxc4 a6 8. Qe2 c5 9. Rd1 Qc7 10. Nc3 Nbd7 11. d5 exd5 12. Nxd5 Nxd5 13. Bxd5 Bxd5 14. Rxd5 Be7 15. e4 O-O 16. e5 Qc6 17. Rd3 Rfe8 18. Bf4 Nf8 19. Rad1 Ne6 20. Bg3 b5 21. Ne1 Rad8 22. f4 Rxd3 23. Rxd3 c4 24. Rd1 Bc5+ 25. Kh1 Nd4 26. Qg4 g6 27. Bf2 h5 28. Qh3 Nf5 29. Bxc5 Qxc5 30. Qf3 Qb6 31. Qd5 Qf2 32. Qf3 Qxb2 33. h3 c3 34. Qc6 Rf8 35. e6 Qe2 36. exf7+ Kh7 37. Ra1 Qf1+ 38. Kh2 Qxf4+ 39. Kh1 Ng3+ 0-1

[Event "Quebec op U2400"]
[Site "Montreal CAN"]
[Date "2008.07.25"]
[Round "7"]
[White "Hebert, Jean"]
[Black "Khassanov, Marat"]
[Result "1-0"]
[WhiteElo "2392"]
[BlackElo "2312"]
[PlyCount "139"]
[GameId "2160767910353740"]
[EventDate "2008.07.19"]
[EventType "swiss"]
[EventRounds "9"]
[EventCountry "CAN"]
[SourceTitle "EXT 2011"]
[Source "ChessBase"]
[SourceDate "2011.11.26"]
[SourceVersion "1"]
[SourceVersionDate "2011.11.26"]
[SourceQuality "1"]

1. Nf3 Nf6 2. c4 g6 3. Nc3 Bg7 4. e4 d6 5. d4 O-O 6. Be2 e5 7. dxe5 dxe5 8. Qxd8 Rxd8 9. Bg5 Re8 10. O-O-O Na6 11. Nd2 Nc5 12. Be3 Bf8 13. Nd5 Nxd5 14. cxd5 Bd7 15. Kb1 c6 16. Rc1 Na4 17. dxc6 Bxc6 18. f3 Nb6 19. g4 Rad8 20. Nb3 Bb4 21. a3 Ba4 22. axb4 Bxb3 23. Rc7 Rb8 24. Rhc1 Be6 25. R7c5 Rbc8 26. R1c3 Rxc5 27. bxc5 Nc8 28. c6 bxc6 29. Rxc6 f6 30. Bc5 g5 31. Rxe6 Rxe6 32. Bc4 Kf7 33. Ka2 Ne7 34. Bxa7 Ng6 35. Bc5 Nf4 36. b4 Ke8 37. Bxe6 Nxe6 38. Kb3 Kd7 39. Kc4 Kc6 40. b5+ Kd7 41. Bf2 Kd6 42. Be3 Ng7 43. Bc5+ Kd7 44. Kd5 Ne6 45. Be3 Nd8 46. b6 Nb7 47. Bf2 Nd8 48. h4 Ne6 49. h5 Nf4+ 50. Kc4 Kc6 51. Bc5 Ne6 52. Be3 Nd8 53. Kb4 Ne6 54. Ka5 Kb7 55. Kb5 Nd4+ 56. Bxd4 exd4 57. Kc4 Kxb6 58. Kxd4 Kc6 59. e5 Kd7 60. exf6 Ke6 61. f7 Kxf7 62. Ke5 Kg7 63. Ke6 h6 64. Ke7 Kg8 65. Kf6 Kf8 66. Kg6 Ke7 67. Kxh6 Kf6 68. Kh7 Kf7 69. h6 Ke7 70. Kg7 1-0

[Event "Quebec op U2400"]
[Site "Montreal CAN"]
[Date "2008.07.26"]
[Round "8"]
[White "Barron, Michael"]
[Black "Hebert, Jean"]
[Result "1/2-1/2"]
[WhiteElo "2251"]
[BlackElo "2392"]
[PlyCount "207"]
[GameId "2160767910353753"]
[EventDate "2008.07.19"]
[EventType "swiss"]
[EventRounds "9"]
[EventCountry "CAN"]
[SourceTitle "EXT 2011"]
[Source "ChessBase"]
[SourceDate "2011.11.26"]
[SourceVersion "1"]
[SourceVersionDate "2011.11.26"]
[SourceQuality "1"]

1. e4 e6 2. d4 d5 3. Nd2 Nf6 4. e5 Nfd7 5. Bd3 c5 6. c3 Nc6 7. Ne2 cxd4 8. cxd4 Nb6 9. O-O Bd7 10. f4 g6 11. Nf3 Nb4 12. Bb1 Bb5 13. Rf2 Bxe2 14. Rxe2 Be7 15. Be3 Nc4 16. Bf2 Qb6 17. a3 Nc6 18. b4 a5 19. Bd3 Qa6 20. bxa5 N6xa5 21. Be1 Nc6 22. Qb3 O-O 23. Rea2 b5 24. Bb4 Qa4 25. Qb1 Rfe8 26. g4 Qa7 27. Bc3 Reb8 28. f5 exf5 29. gxf5 N6xe5 30. Nxe5 Nxe5 31. fxg6 Nxg6 32. Bxb5 Qc7 33. Be1 Qb6 34. a4 Bf6 35. Bf2 Bxd4 36. Qd3 Bxf2+ 37. Rxf2 Rd8 38. Raf1 Rd6 39. Kh1 Rf8 40. Rf5 Qb7 41. Qg3 Qe7 42. Bd3 Re6 43. Rxd5 Re3 44. Qg2 Qa3 45. Bb5 Kh8 46. Rd7 Qb3 47. Bc6 Qc3 48. Bd5 Ne5 49. Rb7 Qd4 50. Rg1 Ng4 51. Bxf7 Re7 52. Qxg4 Qxg4 53. Rxg4 Rxb7 54. Bd5 Rb2 55. Rg2 Rf1+ 56. Rg1 Rxg1+ 57. Kxg1 Kg7 58. Bc6 Kf6 59. Bd5 h6 60. Bc6 Kg5 61. Bd5 Kf4 62. Bc6 Rc2 63. Bb7 Rb2 64. Bc6 Rb6 65. Be8 Rb1+ 66. Kg2 Rb2+ 67. Kh3 Kg5 68. Bf7 Re2 69. Bd5 Re3+ 70. Kg2 Rd3 71. Bb7 Ra3 72. Bc6 Kh4 73. Bd7 Ra2+ 74. Kg1 Rd2 75. Bc8 Ra2 76. Bd7 Kg5 77. Bc6 Rc2 78. Bb7 Rb2 79. Bd5 h5 80. Bc6 Kf4 81. Be8 h4 82. Bd7 Rd2 83. Bc8 Ra2 84. Bd7 Ke3 85. Be6 Rxa4 86. Kg2 Kf4 87. Bd7 Ra7 88. Be6 Re7 89. Bc8 Kg5 90. Kh3 Re2 91. Bd7 Rd2 92. Be6 Rd3+ 93. Kg2 Kf4 94. Bc8 Rc3 95. Be6 h3+ 96. Bxh3 Rc2+ 97. Kf1 Ke3 98. Kg1 Kf3 99. Bf1 Rc1 100. h4 Kg3 101. h5 Rc2 102. Bd3 Rd2 103. Bc4 Rh2 104. Kf1 1/2-1/2

[Event "Quebec op U2400"]
[Site "Montreal CAN"]
[Date "2008.07.26"]
[Round "9"]
[White "Hebert, Jean"]
[Black "Laptos, Krzysztof"]
[Result "1/2-1/2"]
[WhiteElo "2392"]
[BlackElo "2235"]
[PlyCount "53"]
[GameId "2160767910353774"]
[EventDate "2008.07.19"]
[EventType "swiss"]
[EventRounds "9"]
[EventCountry "CAN"]
[SourceTitle "EXT 2011"]
[Source "ChessBase"]
[SourceDate "2011.11.26"]
[SourceVersion "1"]
[SourceVersionDate "2011.11.26"]
[SourceQuality "1"]

1. d4 Nf6 2. Nf3 d6 3. c4 Nbd7 4. Nc3 e5 5. Bg5 Be7 6. e3 O-O 7. Be2 Re8 8. O-O c6 9. Qc2 a6 10. b4 b5 11. dxe5 dxe5 12. c5 Qc7 13. Rfd1 a5 14. a3 h6 15. Bh4 Nf8 16. Bg3 N8d7 17. Nd4 axb4 18. axb4 Rxa1 19. Rxa1 Qb7 20. Nf5 Bf8 21. Rd1 Qa6 22. Nd6 Bxd6 23. Rxd6 Qa3 24. Rxc6 Qxb4 25. Nxb5 Bb7 26. Rd6 Nxc5 27. Rd1 1/2-1/2

[Event "St Jean op"]
[Site "St Jean sur Richelieu"]
[Date "2008.06.13"]
[Round "1"]
[White "Bergeron, Marc"]
[Black "Hebert, Jean"]
[Result "0-1"]
[WhiteElo "2008"]
[BlackElo "2428"]
[PlyCount "78"]
[GameId "2160767910354432"]
[EventDate "2008.06.13"]
[EventType "swiss"]
[EventRounds "5"]
[EventCountry "CAN"]
[SourceTitle "EXT 2011"]
[Source "ChessBase"]
[SourceDate "2011.11.26"]
[SourceVersion "1"]
[SourceVersionDate "2011.11.26"]
[SourceQuality "1"]

1. e4 c5 2. Nf3 Nc6 3. d4 cxd4 4. Nxd4 Nf6 5. Nc3 e5 6. Ndb5 d6 7. Bg5 a6 8. Na3 b5 9. Nd5 Be7 10. Bxf6 Bxf6 11. c3 O-O 12. Nc2 Bg5 13. Bd3 Be6 14. Nce3 Bxe3 15. Nxe3 b4 16. cxb4 Nxb4 17. a3 Nc6 18. O-O Nd4 19. Bc4 Qb6 20. b4 a5 21. Nd5 Qa7 22. b5 Rac8 23. b6 Qb7 24. Qa4 Bxd5 25. Bxd5 Qxb6 26. Rab1 Qc5 27. Rb7 Rc7 28. Rxc7 Qxc7 29. g3 Ne2+ 30. Kg2 Qc3 31. Qd1 Nd4 32. a4 g6 33. f4 Nc2 34. Qf3 Ne3+ 35. Kh1 exf4 36. gxf4 Qd2 37. Rg1 Nxd5 38. exd5 Rc8 39. f5 Rc2 0-1

[Event "St Jean op"]
[Site "St Jean sur Richelieu"]
[Date "2008.06.14"]
[Round "2"]
[White "Hebert, Jean"]
[Black "Tessier, Olivier"]
[Result "1-0"]
[WhiteElo "2428"]
[BlackElo "2207"]
[PlyCount "91"]
[GameId "2160767910354443"]
[EventDate "2008.06.13"]
[EventType "swiss"]
[EventRounds "5"]
[EventCountry "CAN"]
[SourceTitle "EXT 2011"]
[Source "ChessBase"]
[SourceDate "2011.11.26"]
[SourceVersion "1"]
[SourceVersionDate "2011.11.26"]
[SourceQuality "1"]

1. d4 Nf6 2. Nf3 c5 3. d5 b5 4. c4 g6 5. cxb5 a6 6. b6 Bb7 7. Nc3 d6 8. e4 Nbd7 9. Be2 Bg7 10. O-O O-O 11. Re1 Nxb6 12. a4 a5 13. Bg5 h6 14. Bf4 Nh5 15. Be3 Nf6 16. Bb5 Qc8 17. Qc1 Kh7 18. Qc2 Rd8 19. Rad1 Rb8 20. h3 Ba6 21. Bf4 Bxb5 22. Nxb5 Qb7 23. b3 Rbc8 24. Nd2 Nh5 25. Bh2 Be5 26. Nc4 Nxc4 27. bxc4 f6 28. g3 g5 29. Qe2 Ng7 30. f4 gxf4 31. gxf4 Bd4+ 32. Kh1 e5 33. Rf1 Qe7 34. Rd3 Rg8 35. f5 Rcf8 36. Rg3 Ne8 37. Rff3 Qf7 38. Rxg8 Rxg8 39. Rg3 Rxg3 40. Bxg3 h5 41. Be1 Kg8 42. Bxa5 Kf8 43. Bd2 Ke7 44. Qg2 Qh7 45. a5 h4 46. a6 1-0

[Event "St Jean op"]
[Site "St Jean sur Richelieu"]
[Date "2008.06.14"]
[Round "3"]
[White "Larochelle, Martial"]
[Black "Hebert, Jean"]
[Result "1/2-1/2"]
[WhiteElo "2189"]
[BlackElo "2428"]
[PlyCount "98"]
[GameId "2160767910354450"]
[EventDate "2008.06.13"]
[EventType "swiss"]
[EventRounds "5"]
[EventCountry "CAN"]
[SourceTitle "EXT 2011"]
[Source "ChessBase"]
[SourceDate "2011.11.26"]
[SourceVersion "1"]
[SourceVersionDate "2011.11.26"]
[SourceQuality "1"]

1. c4 e5 2. Nc3 Nf6 3. Nf3 Nc6 4. g3 d5 5. cxd5 Nxd5 6. Bg2 Nb6 7. O-O Be7 8. a3 O-O 9. b4 Re8 10. Rb1 Bf8 11. d3 a5 12. b5 Nd4 13. Nd2 a4 14. e3 Ne6 15. Nf3 f6 16. Bb2 Qe7 17. Qe2 Nc5 18. d4 exd4 19. Nxd4 Qf7 20. Rbd1 Kh8 21. Rfe1 Bd7 22. Rd2 Bd6 23. Red1 Qg6 24. Bf3 Re5 25. Nc2 Be6 26. Nd5 Bxd5 27. Bxd5 Rxd5 28. Rxd5 Nxd5 29. Rxd5 b6 30. Qd1 Re8 31. Nb4 h6 32. Nd3 Nb3 33. Nf4 Bxf4 34. exf4 Qf7 35. h4 Nc5 36. Bc3 Qe6 37. Bb4 Ne4 38. Rd8 f5 39. Rxe8+ Qxe8 40. Qd5 Qh5 41. Qd8+ Kh7 42. Qxc7 Qd1+ 43. Kg2 Qd4 44. Qc2 Qd5 45. Qc6 Qd4 46. Be1 Qd1 47. h5 Qxe1 48. Qg6+ Kh8 49. Qe8+ Kh7 1/2-1/2

[Event "St Jean op"]
[Site "St Jean sur Richelieu"]
[Date "2008.06.15"]
[Round "4"]
[White "Hebert, Jean"]
[Black "Drolet, Stephane"]
[Result "1-0"]
[WhiteElo "2428"]
[BlackElo "2117"]
[PlyCount "79"]
[GameId "2160767910354458"]
[EventDate "2008.06.13"]
[EventType "swiss"]
[EventRounds "5"]
[EventCountry "CAN"]
[SourceTitle "EXT 2011"]
[Source "ChessBase"]
[SourceDate "2011.11.26"]
[SourceVersion "1"]
[SourceVersionDate "2011.11.26"]
[SourceQuality "1"]

1. Nf3 d5 2. c4 c6 3. d4 Nf6 4. Nc3 dxc4 5. a4 Bf5 6. e3 e6 7. Bxc4 Bb4 8. O-O Nbd7 9. Qe2 Bg4 10. h3 Bxf3 11. Qxf3 a5 12. Rd1 Qc7 13. e4 e5 14. Ba2 O-O 15. d5 Bxc3 16. d6 Qb8 17. bxc3 Nc5 18. Qf5 Ncxe4 19. Qxe5 Re8 20. Qd4 Nxd6 21. Bf4 Nf5 22. Bxf7+ Kh8 23. Bxb8 Nxd4 24. Bxe8 Ne2+ 25. Kf1 Rxb8 26. Kxe2 Rxe8+ 27. Kf1 Kg8 28. Re1 Rb8 29. Re5 b6 30. Rb1 Nd5 31. c4 Nb4 32. Rbe1 Rf8 33. Rd1 h6 34. Rd7 Rf6 35. c5 b5 36. Re8+ Kh7 37. axb5 cxb5 38. Rb8 Nc6 39. Rxb5 Rf5 40. Rd6 1-0

[Event "St Jean op"]
[Site "St Jean sur Richelieu"]
[Date "2008.06.13"]
[Round "5"]
[White "Libersan, Thierry"]
[Black "Hebert, Jean"]
[Result "0-1"]
[WhiteElo "2118"]
[BlackElo "2428"]
[PlyCount "86"]
[GameId "2160767910354468"]
[EventDate "2008.06.13"]
[EventType "swiss"]
[EventRounds "5"]
[EventCountry "CAN"]
[SourceTitle "EXT 2011"]
[Source "ChessBase"]
[SourceDate "2011.11.26"]
[SourceVersion "1"]
[SourceVersionDate "2011.11.26"]
[SourceQuality "1"]

1. e4 d6 2. d4 g6 3. c4 Bg7 4. Nf3 Nf6 5. Nc3 O-O 6. Be2 e5 7. O-O Nc6 8. d5 Ne7 9. b4 c6 10. Ne1 a5 11. Rb1 axb4 12. Rxb4 Ne8 13. Be3 c5 14. Ra4 Rb8 15. Ra3 f5 16. f3 f4 17. Bf2 g5 18. g4 fxg3 19. hxg3 Ng6 20. Ng2 h5 21. Qe1 Bf6 22. Kh2 Rf7 23. Rh1 Ng7 24. Kg1 Bd7 25. Rb3 Qc8 26. Nb5 Be7 27. Qb1 Ra8 28. Nc3 Ra7 29. Nb5 Bxb5 30. Rxb5 Bd8 31. Rb3 Qa8 32. Rb2 Ra3 33. Ne3 h4 34. Ng4 Kf8 35. Nh6 Rd7 36. Nf5 Nxf5 37. exf5 Ne7 38. gxh4 Ng8 39. hxg5 Bxg5 40. f6 Bxf6 41. Bh4 Qd8 42. Bxf6 Qxf6 43. Rxb7 Qg7+ 0-1

[Event "Sherbrooke op-A"]
[Site "Sherbrooke CAN"]
[Date "2008.05.23"]
[Round "1"]
[White "Hebert, Jean"]
[Black "Gauthier, Denis"]
[Result "1-0"]
[WhiteElo "2428"]
[BlackElo "1938"]
[PlyCount "77"]
[GameId "2160767910354577"]
[EventDate "2008.05.23"]
[EventType "swiss"]
[EventRounds "5"]
[EventCountry "CAN"]
[SourceTitle "EXT 2011"]
[Source "ChessBase"]
[SourceDate "2011.11.26"]
[SourceVersion "1"]
[SourceVersionDate "2011.11.26"]
[SourceQuality "1"]

1. d4 Nf6 2. c4 e6 3. Nf3 b6 4. a3 Ba6 5. e3 c5 6. Nbd2 Be7 7. b3 O-O 8. Bb2 Bb7 9. Bd3 d5 10. Qc2 Nbd7 11. Rc1 Rc8 12. O-O cxd4 13. exd4 Bd6 14. Ne5 h6 15. Rfe1 Qe7 16. a4 dxc4 17. Ndxc4 Nd5 18. Bh7+ Kh8 19. Be4 Bb4 20. Red1 Nxe5 21. dxe5 Rfd8 22. Qe2 Qg5 23. Qf3 Kg8 24. g3 a6 25. Nxb6 Rxc1 26. Bxc1 Qxe5 27. Bf4 Qb2 28. Nxd5 Bxd5 29. Bxd5 exd5 30. Rxd5 Rxd5 31. Qxd5 Qe2 32. Kg2 a5 33. h4 Qe1 34. Be3 Qc3 35. Qa8+ Kh7 36. Qe4+ Kg8 37. Qe8+ Bf8 38. Qa8 Qb4 39. Qd5 1-0

[Event "Sherbrooke op-A"]
[Site "Sherbrooke CAN"]
[Date "2008.05.24"]
[Round "2"]
[White "Drolet, Stephane"]
[Black "Hebert, Jean"]
[Result "0-1"]
[WhiteElo "2122"]
[BlackElo "2428"]
[PlyCount "124"]
[GameId "2160767910354587"]
[EventDate "2008.05.23"]
[EventType "swiss"]
[EventRounds "5"]
[EventCountry "CAN"]
[SourceTitle "EXT 2011"]
[Source "ChessBase"]
[SourceDate "2011.11.26"]
[SourceVersion "1"]
[SourceVersionDate "2011.11.26"]
[SourceQuality "1"]

1. d4 Nf6 2. Nf3 g6 3. e3 Bg7 4. b4 a5 5. b5 c6 6. c4 cxb5 7. cxb5 d6 8. Be2 Nbd7 9. O-O a4 10. Ba3 Nb6 11. Nbd2 Bf5 12. Rc1 O-O 13. Nc4 Be6 14. Nfd2 Nfd5 15. Rc2 f5 16. Nxb6 Nxb6 17. Nc4 f4 18. Nxb6 Qxb6 19. Bc1 fxe3 20. Bxe3 Bd5 21. Qd2 a3 22. Rfc1 Qa5 23. Rc3 Qb4 24. Bc4 Bxc4 25. Rxc4 Qxb5 26. Rb4 Qa5 27. Qc3 Qd5 28. Qb3 Qxb3 29. Rxb3 Rfc8 30. Rxc8+ Rxc8 31. g3 Rc4 32. Rxa3 Bxd4 33. Bxd4 Rxd4 34. Rb3 Ra4 35. Rxb7 Kf7 36. Rb2 h5 37. h4 Kf6 38. Rd2 Ra5 39. Kf1 Kf5 40. Ke1 Kg4 41. Rd4+ Kh3 42. a4 Kg2 43. Rf4 e5 44. Rc4 d5 45. Rb4 d4 46. Rb5 Rxa4 47. Rxe5 Ra1+ 48. Ke2 Ra2+ 49. Kd3 Rxf2 50. Kxd4 Rf3 51. Re6 Rxg3 52. Ke4 Rg4+ 53. Ke5 Kh3 54. Kf6 Kxh4 55. Re3 Rg3 56. Re1 Kh3 57. Rh1+ Kg2 58. Ra1 h4 59. Ra2+ Kh3 60. Ra4 g5 61. Kf5 g4 62. Kg5 Rb3 0-1

[Event "Sherbrooke op-A"]
[Site "Sherbrooke CAN"]
[Date "2008.05.24"]
[Round "3"]
[White "Hebert, Jean"]
[Black "Masse, Hugues"]
[Result "1/2-1/2"]
[WhiteElo "2428"]
[BlackElo "2237"]
[PlyCount "62"]
[GameId "2160767910354595"]
[EventDate "2008.05.23"]
[EventType "swiss"]
[EventRounds "5"]
[EventCountry "CAN"]
[SourceTitle "EXT 2011"]
[Source "ChessBase"]
[SourceDate "2011.11.26"]
[SourceVersion "1"]
[SourceVersionDate "2011.11.26"]
[SourceQuality "1"]

1. Nf3 Nf6 2. c4 g6 3. Nc3 d5 4. cxd5 Nxd5 5. Qb3 Nb6 6. d4 Bg7 7. Bg5 h6 8. Bf4 Be6 9. Qc2 Nc6 10. Rd1 O-O 11. e3 Nb4 12. Qb1 Bf5 13. e4 Bg4 14. Be2 Bxf3 15. Bxf3 Nc6 16. e5 Nxd4 17. Bxb7 Rb8 18. Qe4 c5 19. Nb5 Nc4 20. O-O Qb6 21. Nxd4 Qxb7 22. Qxb7 Rxb7 23. b3 Nxe5 24. Bxe5 Bxe5 25. Nc6 Bf6 26. Rd5 Bd4 27. Nxd4 cxd4 28. Rxd4 Rc8 29. Ra4 Rd7 30. h4 e6 31. g3 Rc2 1/2-1/2

[Event "Sherbrooke op-A"]
[Site "Sherbrooke CAN"]
[Date "2008.05.25"]
[Round "4"]
[White "Kraiouchkine, Nikita"]
[Black "Hebert, Jean"]
[Result "0-1"]
[WhiteElo "2247"]
[BlackElo "2428"]
[PlyCount "46"]
[GameId "2160767910354607"]
[EventDate "2008.05.23"]
[EventType "swiss"]
[EventRounds "5"]
[EventCountry "CAN"]
[SourceTitle "EXT 2011"]
[Source "ChessBase"]
[SourceDate "2011.11.26"]
[SourceVersion "1"]
[SourceVersionDate "2011.11.26"]
[SourceQuality "1"]

1. e4 d6 2. d4 g6 3. Nc3 c6 4. Be3 Bg7 5. Qd2 b5 6. f3 Nd7 7. Nh3 Nb6 8. Nf2 h5 9. Be2 Nf6 10. g4 hxg4 11. fxg4 Rb8 12. O-O-O Nc4 13. Bxc4 bxc4 14. Rdg1 Qa5 15. Kb1 c5 16. dxc5 Nxg4 17. Bd4 Ne5 18. cxd6 Nf3 19. Qf4 Rxb2+ 20. Kxb2 Qb4+ 21. Kc1 Bh6 22. Qxh6 Rxh6 23. Bg7 Nxg1 0-1

[Event "Sherbrooke op-A"]
[Site "Sherbrooke CAN"]
[Date "2008.05.25"]
[Round "5"]
[White "Hebert, Jean"]
[Black "Lavoie, Eric"]
[Result "1-0"]
[WhiteElo "2428"]
[BlackElo "1896"]
[PlyCount "81"]
[GameId "2160767910354613"]
[EventDate "2008.05.23"]
[EventType "swiss"]
[EventRounds "5"]
[EventCountry "CAN"]
[SourceTitle "EXT 2011"]
[Source "ChessBase"]
[SourceDate "2011.11.26"]
[SourceVersion "1"]
[SourceVersionDate "2011.11.26"]
[SourceQuality "1"]

1. Nf3 Nf6 2. c4 e6 3. d4 d5 4. Nc3 Bb4 5. e3 O-O 6. Bd3 Ne4 7. Qc2 f5 8. O-O c6 9. Ne5 Nd7 10. f4 Ndf6 11. Bxe4 fxe4 12. Ne2 Bd6 13. c5 Bxe5 14. dxe5 Ng4 15. h3 Nh6 16. Nd4 Nf5 17. Rd1 Qh4 18. a4 g5 19. Nxf5 exf5 20. Qf2 Qxf2+ 21. Kxf2 gxf4 22. exf4 Kf7 23. Ra3 Rg8 24. Rb3 Ke6 25. Be3 h5 26. Bd4 h4 27. Rg1 Kf7 28. g4 hxg3+ 29. Rgxg3 Rxg3 30. e6+ Kxe6 31. Rxg3 Bd7 32. Rg6+ Kf7 33. Rg7+ Ke6 34. h4 Rf8 35. h5 Rf7 36. Rg6+ Ke7 37. Bg7 e3+ 38. Kxe3 Ke8 39. h6 Re7+ 40. Kd3 Kf7 41. Rg1 1-0

[Event "Mauricie op"]
[Site "Trois-Rivieres CAN"]
[Date "2008.03.28"]
[Round "1"]
[White "Hebert, Jean"]
[Black "Benoit-Deschamps, Jean-Marc"]
[Result "1-0"]
[WhiteElo "2424"]
[BlackElo "2112"]
[PlyCount "63"]
[GameId "2160767910351318"]
[EventDate "2008.03.28"]
[EventType "swiss"]
[EventRounds "5"]
[EventCountry "CAN"]
[SourceTitle "EXT 2011"]
[Source "ChessBase"]
[SourceDate "2011.11.26"]
[SourceVersion "1"]
[SourceVersionDate "2011.11.26"]
[SourceQuality "1"]

1. d4 Nf6 2. c4 c5 3. d5 e6 4. Nc3 exd5 5. cxd5 d6 6. e4 g6 7. Bd3 Bg7 8. Nge2 O-O 9. O-O a6 10. a4 Nbd7 11. f3 Qc7 12. Kh1 Rb8 13. Rb1 c4 14. Bc2 Nc5 15. b4 cxb3 16. Bxb3 Nfd7 17. Be3 b5 18. axb5 axb5 19. Nd4 Ba6 20. Nce2 Ne5 21. Nf4 b4 22. Rf2 Qb7 23. Ra2 g5 24. Nh5 Bd3 25. Rc1 Nxb3 26. Qxb3 Rfc8 27. Nc6 Rxc6 28. dxc6 Qb5 29. c7 Rc8 30. Nxg7 Bc4 31. Qa4 Qb7 32. Nh5 1-0

[Event "Mauricie op"]
[Site "Trois-Rivieres CAN"]
[Date "2008.03.29"]
[Round "2"]
[White "Drolet, Stephane"]
[Black "Hebert, Jean"]
[Result "0-1"]
[WhiteElo "2141"]
[BlackElo "2424"]
[PlyCount "82"]
[GameId "2160767910351327"]
[EventDate "2008.03.28"]
[EventType "swiss"]
[EventRounds "5"]
[EventCountry "CAN"]
[SourceTitle "EXT 2011"]
[Source "ChessBase"]
[SourceDate "2011.11.26"]
[SourceVersion "1"]
[SourceVersionDate "2011.11.26"]
[SourceQuality "1"]

1. Nf3 g6 2. d4 Bg7 3. c4 Nf6 4. Nc3 c5 5. d5 d6 6. h3 O-O 7. e4 Na6 8. Bd3 Nc7 9. O-O a6 10. a4 e5 11. dxe6 Nxe6 12. Re1 Nd7 13. Nd5 b6 14. Rb1 Rb8 15. Bd2 a5 16. Bc3 Bb7 17. Bc2 Re8 18. Bxg7 Kxg7 19. Nc3 Ne5 20. b3 Bc6 21. Nh2 Qf6 22. Re3 Rbd8 23. Ng4 Qh4 24. Rg3 Nxg4 25. Rxg4 Qf6 26. Qd2 Nd4 27. Rf1 Rd7 28. f4 Nxc2 29. Qxc2 Qd4+ 30. Kh1 Bxe4 31. Qc1 Bc6 32. f5 Qe3 33. f6+ Kf8 34. Rh4 Qxc1 35. Rxc1 h5 36. Kg1 Re5 37. g4 Rd8 38. gxh5 gxh5 39. Kf2 Rf5+ 40. Kg1 Re8 41. Rf1 Rg5+ 0-1

[Event "Mauricie op"]
[Site "Trois-Rivieres CAN"]
[Date "2008.03.29"]
[Round "3"]
[White "Hebert, Jean"]
[Black "Masse, Hugues"]
[Result "1-0"]
[WhiteElo "2424"]
[BlackElo "2246"]
[PlyCount "125"]
[GameId "2160767910351339"]
[EventDate "2008.03.28"]
[EventType "swiss"]
[EventRounds "5"]
[EventCountry "CAN"]
[SourceTitle "EXT 2011"]
[Source "ChessBase"]
[SourceDate "2011.11.26"]
[SourceVersion "1"]
[SourceVersionDate "2011.11.26"]
[SourceQuality "1"]

1. d4 Nf6 2. c4 g6 3. Nc3 d5 4. Bg5 Ne4 5. Bh4 Nxc3 6. bxc3 dxc4 7. e3 Be6 8. Ne2 Bh6 9. e4 c6 10. Rb1 b6 11. Bg3 f5 12. Nf4 Bxf4 13. Bxf4 fxe4 14. h4 h5 15. Be2 Qd5 16. Rb4 Qf5 17. Bg5 b5 18. O-O Nd7 19. f3 e3 20. Bxe3 Nb6 21. Qd2 Nd5 22. Rbb1 Nxe3 23. Qxe3 Qf6 24. a4 a6 25. Rb2 Bd5 26. Qf2 O-O 27. Re1 Rae8 28. Bd1 Kg7 29. Rbe2 e6 30. Bc2 Qf4 31. Re5 Rf6 32. R1e3 Ref8 33. g3 Qh6 34. f4 Rb8 35. Rg5 bxa4 36. Bxa4 Qh8 37. Re1 Rf5 38. Qe2 Qf8 39. Qxh5 Rxg5 40. Qxg5 Rb2 41. Bxc6 Qf5 42. Qxf5 gxf5 43. Bxd5 exd5 44. Re5 a5 45. Rxd5 a4 46. Ra5 Rb3 47. Rxa4 Rxc3 48. Kg2 Rc2+ 49. Kh3 Rc1 50. Ra7+ Kf6 51. Ra6+ Kf7 52. Rc6 c3 53. h5 c2 54. Kg2 Kg7 55. d5 Rd1 56. Rxc2 Rxd5 57. Kh3 Rd1 58. Kh4 Rg1 59. Rc6 Kf7 60. h6 Rg2 61. h7 Kg7 62. Rc3 Kg6 63. Kh3 1-0

[Event "Mauricie op"]
[Site "Trois-Rivieres CAN"]
[Date "2008.03.30"]
[Round "4"]
[White "Bolduc, Steve"]
[Black "Hebert, Jean"]
[Result "0-1"]
[WhiteElo "2424"]
[BlackElo "2278"]
[PlyCount "116"]
[GameId "2160767910351348"]
[EventDate "2008.03.28"]
[EventType "swiss"]
[EventRounds "5"]
[EventCountry "CAN"]

1. d4 Nf6 2. c4 e6 3. Nc3 Bb4 4. e3 Bxc3+ 5. bxc3 c5 6. Bd3 Nc6 7. Nh3 d6 8. O-O O-O 9. f4 e5 10. fxe5 dxe5 11. Ng5 h6 12. Rxf6 Qxf6 13. Nh7 Qe7 14. Nxf8 Qxf8 15. Ba3 exd4 16. exd4 b6 17. Be4 Bd7 18. Qf3 Rc8 19. Rf1 Nd8 20. dxc5 bxc5 21. Bd5 Be6 22. h3 Qd6 23. Bc1 Bxd5 24. cxd5 Qd7 25. c4 Nb7 26. Qg3 Kh7 27. Bb2 f6 28. Qd3+ Kg8 29. Qg6 Nd6 30. Bxf6 Rf8 31. Bxg7 Rxf1+ 32. Kxf1 Qxg7 33. Qxd6 Qa1+ 34. Kf2 Qxa2+ 35. Kg3 Qxc4 36. Qg6+ Kf8 37. Qxh6+ Ke8 38. Qe6+ Kd8 39. Qd6+ Ke8 40. Qc6+ Kd8 41. Qa8+ Kc7 42. Qc6+ Kd8 43. d6 Qc3+ 44. Kf4 Qd2+ 45. Kf5 Qd3+ 46. Kg5 Qd2+ 47. Kh5 Qe2+ 48. g4 Qe5+ 49. g5 Qe2+ 50. Kh6 Qe6+ 51. g6 Qxh3+ 52. Kg5 Qe3+ 53. Kf5 Qh3+ 54. Kf6 Qh4+ 55. Kg7 Qd4+ 56. Kf8 Qf6+ 57. Kg8 Qxg6+ 58. Kh8 Qe8+ 0-1